000 01039nam a2200241Ia 4500
001 11823
003 GE_BSU
008 181216s||||||||xx |||||||||||||| ||und||
040 _cGE_BSU
080 _a548(075.8)+548.3(075.8)
100 _aხარაშვილი,გ.
245 _aკრისტალოგრაფია და კრისტალოქიმია.
245 _bსახელმძღვ.უმაღლესი ტექნიკური სასწავლებლებისათვის.
245 _cრედ:მ.ღუდუშაური.
260 _aთბილისი
260 _bგანათლება
260 _c1984
300 _a351გვ;22სმ.
300 _bილ.
653 _aკრისტალოგრაფია და კრისტალოქიმია.სახელმძღვ.უმაღლესი ტექნიკური სასწავლებლებისათვის.
653 _aქიმია
942 _cBK
999 _c45002
_d45002